<?xml version="1.0" encoding="UTF-8"?>
<record
    xmlns:xsi="http://www.w3.org/2001/XMLSchema-instance"
    xsi:schemaLocation="http://www.loc.gov/MARC21/slim http://www.loc.gov/standards/marcxml/schema/MARC21slim.xsd"
    xmlns="http://www.loc.gov/MARC21/slim">

  <leader>01754    a2200205   4500</leader>
  <controlfield tag="001">59020</controlfield>
  <controlfield tag="005">20260407155845.0</controlfield>
  <controlfield tag="008">260407a1991    arg                 spa d</controlfield>
  <controlfield tag="003">AR-UNSa-BCEJYS</controlfield>
  <datafield tag="040" ind1=" " ind2=" ">
    <subfield code="a">AR-UNSa-BCEJYS</subfield>
    <subfield code="b">spa</subfield>
    <subfield code="c">AR-UNSa-BCEJYS</subfield>
  </datafield>
  <datafield tag="080" ind1=" " ind2=" ">
    <subfield code="a">330(8)</subfield>
    <subfield code="x">Econom&#xED;a de Am&#xE9;rica del Sur. Estados y Regiones de Am&#xE9;rica del Sur.
Am&#xE9;rica Latina. Iberoam&#xE9;rica
</subfield>
  </datafield>
  <datafield tag="245" ind1="1" ind2="0">
    <subfield code="a">La financiaci&#xF3;n del crecimiento</subfield>
  </datafield>
  <datafield tag="020" ind1=" " ind2=" ">
    <subfield code="a">950-99854-0-6</subfield>
  </datafield>
  <datafield tag="264" ind1=" " ind2="1">
    <subfield code="a">Buenos Aires :</subfield>
    <subfield code="b">ABRA</subfield>
    <subfield code="c">1991</subfield>
  </datafield>
  <datafield tag="300" ind1=" " ind2=" ">
    <subfield code="a">192 p.</subfield>
    <subfield code="c">20 cm.</subfield>
  </datafield>
  <datafield tag="505" ind1=" " ind2=" ">
    <subfield code="a">1. Sesi&#xF3;n Inaugural - 2. El Nuevo Orden Econ&#xF3;mico Mundial - 3. El Nuevo Orden y Am&#xE9;rica Latina - 4. La visi&#xF3;n empresarial de la Iniciativa de las Am&#xE9;ricas - 5. La integraci&#xF3;n regional: el MERCOSUR - 6. El Consenso de Washington - 7. Teleconferencia entre Buenos Aires y Washington: perspectiva de las inversiones en Argentina. La deuda. La seguridad jur&#xED;dica. La estabilidad . La inflaci&#xF3;n - 8. La banca italiana y la financiaci&#xF3;n de mediano plazo - 9. El grupo Columbus y las Privatizaciones en Am&#xE9;rica Latina - 10. Am&#xE9;rica Latina despu&#xE9;s de la deuda: el caso argentino - 11. Am&#xE9;rica Latina despu&#xE9;s de la deuda: el caso mexicano - 12. La cultura del crecimiento - 13. El modelo italiano - 14. El modelo de Corea y Taiw&#xE1;n - 15. Una alternativa para Argentina - 16. Las alternativas para la atracci&#xF3;n de capitales - 17. Mercado de capitales - 18. Fondos de pensi&#xF3;n - 19. Flujos internacionales de capital: "outlook" para los '90 - 20. La repatriaci&#xF3;n de capitales - 21. La recuperaci&#xF3;n de la inversi&#xF3;n externa en los pa&#xED;ses en desarrollo - 22. Sesi&#xF3;n de Clausura. </subfield>
  </datafield>
  <datafield tag="942" ind1=" " ind2=" ">
    <subfield code="c">BK</subfield>
  </datafield>
  <datafield tag="590" ind1=" " ind2=" ">
    <subfield code="a">niveau_biblio:m niveau_hierar:0</subfield>
  </datafield>
  <datafield tag="100" ind1="1" ind2=" ">
    <subfield code="a">Segundas jornadas bancarias de la Rep&#xFA;blica Argentina</subfield>
  </datafield>
  <datafield tag="999" ind1=" " ind2=" ">
    <subfield code="c">6573</subfield>
    <subfield code="d">6573</subfield>
  </datafield>
  <datafield tag="952" ind1=" " ind2=" ">
    <subfield code="0">0</subfield>
    <subfield code="1">0</subfield>
    <subfield code="4">0</subfield>
    <subfield code="7">0</subfield>
    <subfield code="a">BCEJYS</subfield>
    <subfield code="b">BCEJYS</subfield>
    <subfield code="c">16</subfield>
    <subfield code="d">2026-04-07</subfield>
    <subfield code="l">0</subfield>
    <subfield code="o">330(8) S456</subfield>
    <subfield code="p">L85633</subfield>
    <subfield code="r">2026-04-07 15:58:45</subfield>
    <subfield code="w">2026-04-07</subfield>
    <subfield code="y">L</subfield>
  </datafield>
</record>
